[Event "HUN-chT2 Barcza 1415"]
[Site "Hungary"]
[Date "2015.03.01"]
[Round "9.6"]
[White "Hegedus, Rafael"]
[Black "Palicz, Laszlo"]
[Result "1-0"]
[WhiteElo "2054"]
[BlackElo "1882"]
[PlyCount "79"]
[EventDate "2014.09.07"]
[EventType "team-tourn"]
[EventRounds "11"]
[EventCountry "HUN"]
[SourceTitle "EXT 2016"]
[Source "ChessBase"]
[SourceDate "2015.10.08"]
[SourceVersion "1"]
[SourceVersionDate "2015.10.08"]
[SourceQuality "1"]
[WhiteTeam "Mezokovesd"]
[BlackTeam "Piremon"]
[WhiteTeamCountry "HUN"]
[BlackTeamCountry "HUN"]

1. e4 c6 2. d4 d5 3. Nd2 dxe4 4. Nxe4 Nd7 5. Nf3 Ngf6 6. Nxf6+ Nxf6 7. h3 Qc7 8. Bd3 b6 9. 0-0 e6 10. Re1 Be7 11. Bg5 0-0 12. c3 Nd5 13. Qc2 h6 14. Bxe7 Qxe7 15. Ne5 Bb7 16. a3 Rad8 17. Be4 Rc8 18. Rad1 Nf6 19. Bf3 Rfd8 20. Qa4 Qc7 21. Qb3 Rd6 22. Nc4 Rd7 23. Ne5 Rd6 24. Qc2 Rcd8 25. h4 Ba8 26. g4 c5 27. Bxa8 Rxa8 28. g5 Nh5 29. Qe4 Rf8 30. Qg4 g6 31. Qe4 Kh7 32. dxc5 bxc5 33. Rxd6 Qxd6 34. Re3 hxg5 35. hxg5 Qe7 36. f4 Kg7 37. Rd3 Qc7 38. Rd7 Qb6 39. Rb7 Qd8 40. Qxg6+ 1-0

[Event "HUN-chT2 Barcza 1112 "]
[Site "Hungary"]
[Date "2011.09.25"]
[Round "1"]
[White "Palicz, Laszlo"]
[Black "Jakab, Gergely Sandor"]
[Result "1/2-1/2"]
[WhiteElo "1923"]
[BlackElo "1721"]
[PlyCount "25"]
[EventDate "2011.09.25"]
[EventType "team-tourn"]
[EventRounds "11"]
[EventCountry "HUN"]
[SourceTitle "EXT 2013"]
[Source "ChessBase"]
[SourceDate "2012.11.22"]
[SourceVersion "1"]
[SourceVersionDate "2012.11.22"]
[SourceQuality "1"]
[WhiteTeam "Piremon"]
[BlackTeam "Edeleny"]
[WhiteTeamCountry "HUN"]
[BlackTeamCountry "HUN"]

1. d4 d5 2. c4 c6 3. Nf3 Nf6 4. Nc3 e6 5. Bg5 Be7 6. Qc2 Nbd7 7. e3 Ne4 8. Nxe4 dxe4 9. Bxe7 Qxe7 10. Nd2 f5 11. Be2 0-0 12. 0-0-0 Nf6 13. f3 1/2-1/2

[Event "HUN-chT2 Barcza 1011"]
[Site "Hungary"]
[Date "2010.11.21"]
[Round "6.12"]
[White "Nemeti, Kornel"]
[Black "Palicz, Laszlo"]
[Result "1/2-1/2"]
[WhiteElo "1630"]
[BlackElo "1923"]
[PlyCount "62"]
[EventDate "2010.09.12"]
[EventType "team-tourn"]
[EventRounds "11"]
[EventCountry "HUN"]
[SourceTitle "EXT 2012"]
[Source "ChessBase"]
[SourceDate "2011.11.24"]
[SourceVersion "1"]
[SourceVersionDate "2011.11.24"]
[SourceQuality "1"]
[WhiteTeam "Debrecen Betu"]
[BlackTeam "Piremon"]
[WhiteTeamCountry "HUN"]
[BlackTeamCountry "HUN"]

1. e4 c6 2. d4 d5 3. exd5 cxd5 4. c4 Nf6 5. Nc3 Nc6 6. cxd5 Nxd5 7. Bc4 e6 8. Nf3 Bb4 9. Bd2 0-0 10. 0-0 Nb6 11. Bd3 h6 12. Bf4 Nd5 13. Nxd5 Qxd5 14. a3 Be7 15. Rc1 Rd8 16. Bc4 Qf5 17. Be3 Bf6 18. Bd3 Qd5 19. Bc4 Qd6 20. Qe2 Nxd4 21. Nxd4 Bxd4 22. Rfd1 e5 23. Qf3 Qe7 24. Bxd4 exd4 25. Re1 Be6 26. Bxe6 fxe6 27. Qe4 Rd6 28. f4 Re8 29. f5 b6 30. fxe6 Rxe6 31. Qd5 Kh7 1/2-1/2

[Event "HUN-chT2 Barcza 0910"]
[Site "Hungary"]
[Date "2010.04.18"]
[Round "10.12"]
[White "Gal, Hanna Krisztina"]
[Black "Palicz, Laszlo"]
[Result "1-0"]
[WhiteElo "1771"]
[BlackElo "1956"]
[PlyCount "57"]
[EventDate "2009.11.08"]
[EventType "team-tourn"]
[EventRounds "11"]
[EventCountry "HUN"]
[SourceTitle "EXT 2011"]
[Source "ChessBase"]
[SourceDate "2010.11.26"]
[SourceVersion "1"]
[SourceVersionDate "2010.11.26"]
[SourceQuality "1"]
[WhiteTeam "HSSE"]
[BlackTeam "Piremon"]
[WhiteTeamCountry "HUN"]
[BlackTeamCountry "HUN"]

1. e4 c6 2. d4 d5 3. Nd2 dxe4 4. Nxe4 Nd7 5. Nf3 Ngf6 6. Nxf6+ Nxf6 7. Bd3 Bg4 8. c3 e6 9. Bg5 Be7 10. 0-0 Qd5 11. Bf4 Bxf3 12. gxf3 0-0 13. Qe2 Qh5 14. Kh1 Nd5 15. Be5 Bg5 16. Qe4 f5 17. Qe2 Nf4 18. Qe3 Qh4 19. Bc4 Rae8 20. Qd2 Nh5 21. Qe2 Nf4 22. Qd2 Nh3 23. Qe2 Nf4 24. Qd2 Nh5 25. Qe2 Nf4 26. Qd2 Nh5 27. Qe2 Qh3 28. Rg1 g6 29. Rxg5 1-0

[Event "HUN-chT2 Barcza 0910"]
[Site "Hungary"]
[Date "2010.03.21"]
[Round "8.12"]
[White "Ordog, Gabor"]
[Black "Palicz, Laszlo"]
[Result "0-1"]
[WhiteElo "1474"]
[BlackElo "1956"]
[PlyCount "43"]
[EventDate "2009.11.08"]
[EventType "team-tourn"]
[EventRounds "11"]
[EventCountry "HUN"]
[SourceTitle "EXT 2011"]
[Source "ChessBase"]
[SourceDate "2010.11.26"]
[SourceVersion "1"]
[SourceVersionDate "2010.11.26"]
[SourceQuality "1"]
[WhiteTeam "Mezokovesd"]
[BlackTeam "Piremon"]
[WhiteTeamCountry "HUN"]
[BlackTeamCountry "HUN"]

1. d4 d5 2. e3 Nf6 3. c4 g6 4. Nf3 Bg7 5. Be2 0-0 6. 0-0 b6 7. b3 Bb7 8. Bb2 Nbd7 9. Nc3 Rc8 10. cxd5 Nxd5 11. Nxd5 Bxd5 12. Rb1 e6 13. Qd3 Nf6 14. Qb5 Ne4 15. Qd3 Nd6 16. Qd1 Re8 17. Nd2 Qg5 18. Bf3 Bxf3 19. Qxf3 Qa5 20. Qe2 Qxa2 21. Bc3 Ne4 22. Rb2 0-1

[Event "HUN-chT2 Barcza 0809"]
[Site "Hungary"]
[Date "2008.10.26"]
[Round "1.9"]
[White "Palicz, Laszlo"]
[Black "Kocsi, Bence"]
[Result "1/2-1/2"]
[WhiteElo "1975"]
[BlackElo "1770"]
[PlyCount "25"]
[EventDate "2008.10.26"]
[EventType "team-tourn"]
[EventRounds "11"]
[EventCountry "HUN"]
[SourceTitle "EXT 2010"]
[Source "ChessBase"]
[SourceDate "2010.11.25"]
[SourceVersion "1"]
[SourceVersionDate "2010.11.25"]
[SourceQuality "1"]
[WhiteTeam "Piremon"]
[BlackTeam "Edeleny"]
[WhiteTeamCountry "HUN"]
[BlackTeamCountry "HUN"]

1. e4 d5 2. exd5 Qxd5 3. d4 Nf6 4. Nc3 Qd8 5. Bf4 Bf5 6. Bc4 e6 7. a3 Bd6 8. Nge2 c6 9. 0-0 Qc7 10. Bxd6 Qxd6 11. Ng3 Bg6 12. Bd3 Nbd7 13. Nce2 1/2-1/2

[Event "HUN-chT2 Barcza 0708"]
[Site "Hungary"]
[Date "2007.12.16"]
[Round "5"]
[White "Juhasz, Mihaly"]
[Black "Palicz, Laszlo"]
[Result "1/2-1/2"]
[WhiteElo "2068"]
[BlackElo "1998"]
[PlyCount "33"]
[EventDate "2007.10.14"]
[EventType "team"]
[EventRounds "11"]
[EventCountry "HUN"]
[SourceTitle "EXT 2009"]
[Source "ChessBase"]
[SourceDate "2008.11.26"]
[SourceVersion "1"]
[SourceVersionDate "2008.11.26"]
[SourceQuality "1"]
[WhiteTeam "DEAC"]
[BlackTeam "Piremon"]
[WhiteTeamCountry "HUN"]
[BlackTeamCountry "HUN"]

1. g3 d5 2. Bg2 c5 3. d3 Nc6 4. Nc3 e6 5. e4 d4 6. Nce2 e5 7. f4 Bd6 8. Nf3 Nge7 9. 0-0 f5 10. fxe5 Nxe5 11. Nxe5 Bxe5 12. Nf4 0-0 13. Qe2 Bxf4 14. Bxf4 Ng6 15. Rae1 Nxf4 16. gxf4 a5 17. Qf3 1/2-1/2

[Event "HUN-chT2 Barcza 0607"]
[Site "Hungary"]
[Date "2007.04.15"]
[Round "8"]
[White "Palicz, Laszlo"]
[Black "Szabo, Istvan"]
[Result "1/2-1/2"]
[WhiteElo "2035"]
[BlackElo "1979"]
[PlyCount "39"]
[EventDate "2006.11.12"]
[EventType "team"]
[EventRounds "11"]
[EventCountry "HUN"]
[SourceTitle "EXT 2008"]
[Source "ChessBase"]
[SourceDate "2007.11.25"]
[SourceVersion "1"]
[SourceVersionDate "2007.11.25"]
[SourceQuality "1"]
[WhiteTeam "Piremon"]
[BlackTeam "Debrecen Betu"]
[WhiteTeamCountry "HUN"]
[BlackTeamCountry "HUN"]

1. e4 c5 2. Nf3 d6 3. Bb5+ Bd7 4. Bxd7+ Qxd7 5. 0-0 Nf6 6. Re1 Nc6 7. c3 e6 8. d4 cxd4 9. cxd4 d5 10. e5 Ne4 11. Nc3 Nxc3 12. bxc3 Be7 13. Qd3 h6 14. Kh1 Rc8 15. g4 h5 16. Rg1 hxg4 17. Rxg4 g6 18. Bd2 Bd8 19. Bg5 Ne7 20. Bxe7 1/2-1/2

[Event "HUN-chT2 Barcza 0506"]
[Site "Hungary"]
[Date "2005.10.30"]
[Round "2"]
[White "Kiss, Ferenc1111"]
[Black "Palicz, Laszlo"]
[Result "1/2-1/2"]
[WhiteElo "2059"]
[BlackElo "2038"]
[PlyCount "35"]
[EventDate "2005.10.16"]
[EventType "team"]
[EventRounds "11"]
[EventCountry "HUN"]
[SourceTitle "EXT 2009"]
[Source "ChessBase"]
[SourceDate "2008.11.26"]
[SourceVersion "1"]
[SourceVersionDate "2008.11.26"]
[SourceQuality "1"]
[WhiteTeam "Kozma Auto"]
[BlackTeam "Piremon II"]
[WhiteTeamCountry "HUN"]
[BlackTeamCountry "HUN"]

1. Nf3 Nf6 2. g3 d5 3. Bg2 c5 4. d4 Nc6 5. dxc5 e5 6. c3 Bxc5 7. 0-0 0-0 8. b4 Bd6 9. Bg5 e4 10. Nd4 h6 11. Bxf6 gxf6 12. e3 Nxd4 13. exd4 f5 14. f4 b5 15. Na3 a6 16. Nc2 Be6 17. Ne3 Rc8 18. Qb3 1/2-1/2

[Event "HUN-chT2 Barcza 0405"]
[Site "Hungary"]
[Date "2005.03.06"]
[Round "9"]
[White "Kiss, Laszlo"]
[Black "Palicz, Laszlo"]
[Result "0-1"]
[WhiteElo "1808"]
[BlackElo "2047"]
[PlyCount "70"]
[EventDate "2004.09.26"]
[EventType "team"]
[EventRounds "11"]
[EventCountry "HUN"]
[SourceTitle "EXT 2009"]
[Source "ChessBase"]
[SourceDate "2008.11.26"]
[SourceVersion "1"]
[SourceVersionDate "2008.11.26"]
[SourceQuality "1"]
[WhiteTeam "Hajduboszormeny II"]
[BlackTeam "Piremon II"]
[WhiteTeamCountry "HUN"]
[BlackTeamCountry "HUN"]

1. d4 d5 2. Nf3 c6 3. e3 Nf6 4. c4 e6 5. Nc3 Bb4 6. a3 Bd6 7. Be2 0-0 8. 0-0 Nbd7 9. h3 Qe7 10. cxd5 exd5 11. Re1 Ne4 12. Nxe4 dxe4 13. Nh2 f5 14. Bd2 Nb6 15. f4 exf3 16. Nxf3 Bg3 17. Rf1 Kh8 18. a4 Be6 19. b3 Rae8 20. Be1 Bd6 21. Bh4 Qc7 22. Bg5 h6 23. Bh4 Bg8 24. Qd2 Bxb3 25. a5 Nd7 26. Rfb1 Bd5 27. Rc1 f4 28. Bf2 Nf6 29. Ne5 Bxe5 30. dxe5 Qxe5 31. Ra3 Ne4 32. exf4 Rxf4 33. Bd4 Nxd2 34. Bxe5 Rxe5 35. Bf1 Nxf1 0-1

[Event "HUN-chT2 Barcza 0405"]
[Site "Hungary"]
[Date "2005.02.20"]
[Round "8"]
[White "Palicz, Laszlo"]
[Black "Olear, Laszlo"]
[Result "1-0"]
[WhiteElo "2047"]
[BlackElo "2085"]
[PlyCount "36"]
[EventDate "2004.09.26"]
[EventType "team"]
[EventRounds "11"]
[EventCountry "HUN"]
[SourceTitle "EXT 2009"]
[Source "ChessBase"]
[SourceDate "2008.11.26"]
[SourceVersion "1"]
[SourceVersionDate "2008.11.26"]
[SourceQuality "1"]
[WhiteTeam "Piremon II"]
[BlackTeam "Kazincbarcika"]
[WhiteTeamCountry "HUN"]
[BlackTeamCountry "HUN"]

1. e4 c5 2. Nf3 Nc6 3. Bb5 g6 4. 0-0 Bg7 5. c3 Nf6 6. Re1 0-0 7. d4 cxd4 8. cxd4 a6 9. Bf1 d6 10. h3 Ne8 11. Nc3 f5 12. Bc4+ e6 13. d5 Ne5 14. Nxe5 Bxe5 15. dxe6 Kh8 16. exf5 Qc7 17. Qd3 Rxf5 18. g4 Qc5 1-0

[Event "HUN-chT2 Barcza 0405"]
[Site "Hungary"]
[Date "2005.01.23"]
[Round "6"]
[White "Sandor, Lajos"]
[Black "Palicz, Laszlo"]
[Result "0-1"]
[WhiteElo "1799"]
[BlackElo "2047"]
[PlyCount "50"]
[EventDate "2004.09.26"]
[EventType "team"]
[EventRounds "11"]
[EventCountry "HUN"]
[SourceTitle "EXT 2009"]
[Source "ChessBase"]
[SourceDate "2008.11.26"]
[SourceVersion "1"]
[SourceVersionDate "2008.11.26"]
[SourceQuality "1"]
[WhiteTeam "Tiszavasvar"]
[BlackTeam "Piremon II"]
[WhiteTeamCountry "HUN"]
[BlackTeamCountry "HUN"]

1. e4 c6 2. d4 d5 3. Nc3 dxe4 4. Nxe4 Nd7 5. Bc4 Ngf6 6. Ng5 e6 7. N1f3 Bd6 8. 0-0 h6 9. Nh3 Qc7 10. g3 b5 11. Bb3 Bb7 12. Bf4 0-0-0 13. Qe2 c5 14. c4 Bxf4 15. Nxf4 Qc6 16. d5 exd5 17. cxd5 Qd6 18. Rfc1 g5 19. Ng2 Nxd5 20. Qxb5 Nc7 21. Qe2 Rhe8 22. Ne3 Qc6 23. Bd1 Ne5 24. h3 Nxf3+ 25. Qxf3 Rxd1+ 0-1

[Event "HUN-chT2 Barcza 0405"]
[Site "Hungary"]
[Date "2004.12.05"]
[Round "4"]
[White "Orosz, Laszlo"]
[Black "Palicz, Laszlo"]
[Result "1-0"]
[WhiteElo "2054"]
[BlackElo "2047"]
[PlyCount "73"]
[EventDate "2004.09.26"]
[EventType "team"]
[EventRounds "11"]
[EventCountry "HUN"]
[SourceTitle "EXT 2009"]
[Source "ChessBase"]
[SourceDate "2008.11.26"]
[SourceVersion "1"]
[SourceVersionDate "2008.11.26"]
[SourceQuality "1"]
[WhiteTeam "DEAC"]
[BlackTeam "Piremon II"]
[WhiteTeamCountry "HUN"]
[BlackTeamCountry "HUN"]

1. e4 c6 2. d4 d5 3. e5 Bf5 4. Bd3 Bxd3 5. Qxd3 e6 6. Ne2 Nd7 7. 0-0 c5 8. c3 Ne7 9. Ng3 Qb6 10. Nd2 g6 11. Nf3 Bg7 12. h4 Nf5 13. Nxf5 gxf5 14. Ng5 h6 15. Nh3 Qd8 16. g3 Qe7 17. Bd2 Rc8 18. Nf4 Rc6 19. Rfe1 Nf8 20. Nh5 f6 21. exf6 Bxf6 22. Nxf6+ Qxf6 23. dxc5 Kf7 24. Qd4 Nd7 25. b4 Qxd4 26. cxd4 Nf6 27. f3 h5 28. b5 Rcc8 29. Bf4 Nd7 30. Rac1 Rhe8 31. Bd6 Kf6 32. Kf2 Kf7 33. a4 Ra8 34. a5 Red8 35. c6 bxc6 36. Rxc6 Rac8 37. Rec1 1-0

[Event "HUN-chT2 Barcza 0304"]
[Site "Hungary"]
[Date "2003.11.16"]
[Round "3"]
[White "Sandor, Lajos"]
[Black "Palicz, Laszlo"]
[Result "0-1"]
[WhiteElo "1823"]
[BlackElo "2062"]
[PlyCount "56"]
[EventDate "2003.08.29"]
[EventType "team"]
[EventRounds "11"]
[EventCountry "HUN"]
[SourceTitle "EXT 2009"]
[Source "ChessBase"]
[SourceDate "2008.11.26"]
[SourceVersion "1"]
[SourceVersionDate "2008.11.26"]
[SourceQuality "1"]
[WhiteTeam "Tiszavasvar"]
[BlackTeam "Piremon II"]
[WhiteTeamCountry "HUN"]
[BlackTeamCountry "HUN"]

1. e4 c6 2. d4 d5 3. Nd2 dxe4 4. Nxe4 Nd7 5. Nf3 Ngf6 6. Ng3 e6 7. Bd3 Qc7 8. h3 b6 9. c3 Bb7 10. Ng5 h6 11. Nf3 0-0-0 12. Qe2 Bd6 13. Ne4 Nxe4 14. Bxe4 Rde8 15. Nd2 e5 16. Qf3 exd4 17. cxd4 f5 18. Qxf5 Rhf8 19. Qg6 Ba6 20. f3 c5 21. Nb3 cxd4 22. Nxd4 Ne5 23. Bf5+ Kb8 24. Qxe8+ Rxe8 25. Be3 Nxf3+ 26. Kf2 Nxd4 27. Bxd4 Bg3+ 28. Kg1 Qf4 0-1

[Event "Nyiregyhaza op"]
[Site "Nyiregyhaza"]
[Date "2003.07.11"]
[Round "7"]
[White "Gusakovskaya, Yana"]
[Black "Palicz, Laszlo"]
[Result "1-0"]
[WhiteElo "1898"]
[BlackElo "2062"]
[PlyCount "100"]
[EventDate "2003.07.05"]
[EventType "swiss"]
[EventRounds "9"]
[EventCountry "HUN"]
[SourceTitle "EXT 2005"]
[Source "ChessBase"]
[SourceDate "2004.11.15"]
[SourceVersion "1"]
[SourceVersionDate "2004.11.15"]
[SourceQuality "1"]

1. e4 c6 2. Nc3 d5 3. Nf3 d4 4. Ne2 c5 5. d3 Nc6 6. g3 e5 7. Bg2 Be7 8. 0-0 Bg4 9. h3 Be6 10. a3 g5 11. Ne1 Qd7 12. Kh2 g4 13. f4 gxh3 14. Bf3 f5 15. Bh5+ Kd8 16. fxe5 Nxe5 17. Nf4 fxe4 18. Nxe6+ Qxe6 19. dxe4 Nf6 20. Rf4 Rg8 21. Nd3 Nxd3 22. cxd3 Bd6 23. Qf3 Bxf4 24. Bxf4 Ke7 25. Rf1 Raf8 26. e5 Nxh5 27. Qxh5 Qg6 28. Qf3 Qc6 29. Bg5+ Ke8 30. Qxc6+ bxc6 31. Bf6 Kd7 32. b4 cxb4 33. axb4 Rb8 34. Ra1 Rb7 35. Kxh3 Ra8 36. Ra4 a5 37. bxa5 c5 38. a6 Rb3 39. Rc4 Rc8 40. e6+ Kxe6 41. Bxd4 Kd5 42. a7 Ra3 43. Be3 Rxa7 44. Rh4 Rac7 45. Rh5+ Ke6 46. Rh6+ Kd5 47. Rh5+ Kc6 48. Rxc5+ Kd7 49. Rxc7+ Rxc7 50. Bf4 Ke6 1-0

[Event "Nyiregyhaza op"]
[Site "Nyiregyhaza"]
[Date "2003.07.10"]
[Round "6"]
[White "Palicz, Laszlo"]
[Black "Paszerbovics, Sandor"]
[Result "1-0"]
[WhiteElo "2062"]
[BlackElo "2032"]
[PlyCount "93"]
[EventDate "2003.07.05"]
[EventType "swiss"]
[EventRounds "9"]
[EventCountry "HUN"]
[SourceTitle "EXT 2005"]
[Source "ChessBase"]
[SourceDate "2004.11.15"]
[SourceVersion "1"]
[SourceVersionDate "2004.11.15"]
[SourceQuality "1"]

1. e4 c5 2. Nf3 d6 3. Bb5+ Bd7 4. Bxd7+ Nxd7 5. c3 Ngf6 6. Qe2 Qc7 7. 0-0 e5 8. d4 g6 9. Na3 a6 10. b3 Bg7 11. Bb2 0-0 12. Rfd1 Rfe8 13. dxe5 dxe5 14. c4 Qc6 15. Nd2 Nh5 16. g3 Ndf6 17. f3 Qe6 18. Nc2 Rad8 19. Ne3 Bh6 20. Ndf1 Bg7 21. Nd5 Nxd5 22. cxd5 Qd6 23. a4 f5 24. Ne3 fxe4 25. fxe4 Qf6 26. Ba3 Bf8 27. Rf1 Qg5 28. Bc1 Nf4 29. Qg4 Qxg4 30. Nxg4 Nh5 31. Ra2 Bg7 32. Be3 Bf8 33. Raf2 b5 34. Rf7 c4 35. bxc4 bxc4 36. Rc7 Rc8 37. Rxc8 Rxc8 38. Nxe5 Bg7 39. Nc6 Re8 40. d6 Nf6 41. e5 Nd7 42. Ne7+ Kh8 43. e6 Nf8 44. d7 Ra8 45. Rxf8+ Rxf8 46. Nxg6+ hxg6 47. e7 1-0